[Event "14th Dubai Open 2012"]
[Site "Dubai UAE"]
[Date "2012.04.15"]
[Round "1.3"]
[White "Akopian, Vladimir"]
[Black "Elmejbri, Ali A."]
[Result "1-0"]
[WhiteTitle "GM"]
[BlackTitle "FM"]
[WhiteElo "2684"]
[BlackElo "2205"]
[WhiteFideId "13300032"]
[BlackFideId "9200398"]
[EventDate "2012.04.15"]

1. e4 e5 2. Nf3 d6 3. d4 Nf6 4. dxe5 Nxe4 5. Qd5 Nc5 6. Bg5 Qd7 7. exd6 Bxd6 8.
Nc3 Qe6+ 9. Be3 Qxd5 10. Nxd5 Na4 11. O-O-O Nb6 12. Nc3 Be7 13. Nb5 Na6 14. Bf4
Be6 15. Nxc7+ Nxc7 16. Bxc7 O-O 17. Bd6 Bxd6 18. Rxd6 Rac8 19. Nd4 Bd5 20. b3
Be4 21. f3 Bg6 22. Be2 Rc5 23. c4 Re8 24. Rd1 h6 25. Bd3 Bxd3 26. Rxd3 Rec8 27.
Kd1 R8c7 28. Nb5 Rc8 29. Nxa7 1-0

[Event "14th Dubai Open 2012"]
[Site "Dubai UAE"]
[Date "2012.04.15"]
[Round "1.5"]
[White "Iordachescu, Viorel"]
[Black "Abedi, Ali"]
[Result "1/2-1/2"]
[WhiteTitle "GM"]
[WhiteElo "2644"]
[BlackElo "2197"]
[WhiteFideId "13900200"]
[BlackFideId "12503312"]
[EventDate "2012.04.15"]

1. c4 c5 2. Nf3 d6 3. d4 cxd4 4. Nxd4 g6 5. g3 Bg7 6. Bg2 a6 7. O-O Nf6 8. Nc3
O-O 9. b3 Qd7 10. Bb2 Nc6 11. e3 Rb8 12. Na4 Qc7 13. Rc1 Bd7 14. Nc3 Qa5 15. Re1
Rfe8 16. a3 Qh5 17. Qxh5 Nxh5 18. Nd5 Nxd4 19. exd4 e6 20. Nb6 Bc6 21. a4 Bxg2
22. Kxg2 Nf6 23. Ba3 Rbd8 24. d5 e5 25. a5 Bf8 26. f3 Nd7 27. Na4 Rb8 28. b4 b6
29. axb6 Nxb6 30. Nxb6 Rxb6 31. c5 Rb5 32. Red1 a5 33. c6 axb4 34. Rb1 Reb8 35.
Rdc1 Rxd5 36. Rxb4 Rc8 37. c7 Rc5 38. Rb8 R8xc7 39. Bxc5 dxc5 40. Rd1 Kg7 41.
Rdd8 Be7 42. Rg8+ Kf6 43. Rb6+ Kf5 44. Rg7 Bf8 45. Rxh7 e4 46. Rh8 Bg7 47. Re8
Be5 48. Rb3 f6 49. Re3 exf3+ 50. Rxf3+ Kg5 51. h4+ Kh6 52. g4 Kg7 53. Ra3 c4 54.
Raa8 Rb7 55. Rg8+ Kf7 56. h5 gxh5 57. gxh5 Rb2+ 58. Kf3 Rh2 59. Rgf8+ Ke6 60.
Rh8 c3 61. Rac8 c2 62. Rhe8+ Kf5 63. Rc5 Rh3+ 64. Ke2 Rxh5 65. Rxc2 Ke4 66. Rc4+
Kd5 67. Ra4 Rh2+ 68. Kf3 Rh3+ 69. Kg2 Rh2+ 70. Kf3 Rh3+ 71. Kg4 Rg3+ 72. Kh4 Rg7
73. Kh5 Rg1 74. Rd8+ Ke6 75. Rd3 Rh1+ 76. Kg6 Rg1+ 77. Kh5 Rh1+ 78. Kg6 Rg1+ 79.
Kh5 1/2-1/2

[Event "14th Dubai Open 2012"]
[Site "Dubai UAE"]
[Date "2012.04.15"]
[Round "1.6"]
[White "Nyazi, Nehad"]
[Black "Gupta, Abhijeet"]
[Result "0-1"]
[BlackTitle "GM"]
[WhiteElo "2195"]
[BlackElo "2643"]
[WhiteFideId "10601988"]
[BlackFideId "5010608"]
[EventDate "2012.04.15"]

1. d4 Nf6 2. Nf3 g6 3. Nbd2 d5 4. e3 Bg7 5. b4 O-O 6. c4 c6 7. a4 Nbd7 8. Bb2
dxc4 9. Nxc4 Nb6 10. Be2 Be6 11. Nxb6 Qxb6 12. O-O Nd5 13. a5 Qxb4 14. Ba3 Qc3
15. Qb1 Rfb8 16. Rc1 Qxa5 17. Bxe7 Qb6 18. Bd6 Rd8 19. Bg3 Bf5 20. Bd3 Qxb1 21.
Bxb1 Bxb1 22. Raxb1 Rd7 23. Nd2 a5 24. Ne4 Bf8 25. Be5 a4 26. Kf1 a3 27. Nc5
Bxc5 28. dxc5 a2 29. Rb3 f6 30. Ba1 Ra7 31. Ke2 Kf7 32. Rc2 Nc7 33. g4 Ne6 34.
Rcc3 Ra5 35. Ra3 Rxa3 36. Rxa3 Nxc5 37. Rxa2 Nb3 38. Ra7 Nxa1 39. Rxa1 Ke6 40.
f4 b5 41. e4 g5 42. Rc1 Rc7 43. f5+ Kd6 44. Rd1+ Ke5 45. Rd8 Kxe4 46. Rf8 Ke5
47. Ke3 Re7 48. h3 c5 49. Rb8 b4 50. Kd3 Kf4 51. Rf8 b3 52. Kc3 Re3+ 53. Kc4 b2
54. Rb8 Rxh3 55. Rxb2 Kxg4 0-1

[Event "14th Dubai Open 2012"]
[Site "Dubai UAE"]
[Date "2012.04.15"]
[Round "1.12"]
[White "Nadir, Samir"]
[Black "Zhou, Weiqi"]
[Result "0-1"]
[WhiteTitle "CM"]
[BlackTitle "GM"]
[WhiteElo "2145"]
[BlackElo "2628"]
[WhiteFideId "12200085"]
[BlackFideId "8601674"]
[EventDate "2012.04.15"]

1. c4 c5 2. g3 Nc6 3. Bg2 g6 4. Nc3 Bg7 5. e4 e6 6. Nge2 Nge7 7. O-O O-O 8. d3
d6 9. Be3 Nd4 10. Qd2 Nec6 11. f4 Qa5 12. Kh1 Rb8 13. Rac1 a6 14. g4 f5 15. gxf5
exf5 16. Ng3 Bd7 17. Nd5 Qxd2 18. Bxd2 b5 19. cxb5 Rxb5 20. b3 a5 21. exf5 Nxf5
22. Nxf5 Bxf5 23. Ne3 Nb4 24. Nxf5 Rxf5 25. Be4 Rh5 26. Bf3 Rh4 27. Bxb4 Rxb4
28. Rc4 Bh6 29. Bd5+ Kg7 30. f5 Rd4 31. Rxd4 Rxd4 32. Bc4 d5 33. Bb5 Bf4 34.
fxg6 hxg6 35. Kg2 Kf6 36. Rf2 Rb4 37. Be8 g5 38. Re2 Rd4 39. Bb5 Be5 40. h3 Ke6
41. Rc2 Kd6 42. Kh1 Rb4 43. Ba4 Rb8 44. Kg2 Rh8 45. Rf2 Ke6 46. Bb5 Rb8 47. Ba4
Rg8 48. Kf1 Bd4 49. Re2+ Be5 50. Rf2 Rh8 51. Kg2 Rb8 52. Re2 Rb4 53. Kf3 Rh4 54.
Kg2 Rd4 55. Bb5 Kd6 56. Rc2 Rf4 57. Re2 Rb4 58. Ba4 c4 59. dxc4 dxc4 60. Rd2+
Kc5 61. bxc4 Bc3 62. Rc2 Rxa4 63. Rxc3 Rxa2+ 64. Kf3 Ra4 65. Re3 Rxc4 66. Re5+
Kb4 67. Rxg5 a4 68. Rg8 a3 69. Ra8 Kb3 70. Rb8+ Rb4 0-1

[Event "14th Dubai Open 2012"]
[Site "Dubai UAE"]
[Date "2012.04.15"]
[Round "1.13"]
[White "Mchedlishvili, Mikheil"]
[Black "Momeni, E."]
[Result "1-0"]
[WhiteTitle "GM"]
[WhiteElo "2626"]
[BlackElo "2145"]
[WhiteFideId "13600966"]
[BlackFideId "12504742"]
[EventDate "2012.04.15"]

1. c4 Nf6 2. Nc3 c6 3. Nf3 d5 4. d4 g6 5. Bg5 Bg7 6. e3 O-O 7. Be2 dxc4 8. Bxc4
Nbd7 9. O-O h6 10. Bh4 Nb6 11. Bb3 Bg4 12. h3 Bxf3 13. Qxf3 a5 14. a3 Nbd7 15.
Ba2 a4 16. Rfd1 Qb6 17. Qe2 Ra5 18. Qc2 g5 19. Bg3 Rfa8 20. Rd2 e6 21. Rad1 h5
22. e4 h4 23. Bh2 g4 24. Kh1 e5 25. d5 Rc5 26. dxc6 Rxc6 27. Rxd7 Nxd7 28. Rxd7
gxh3 29. gxh3 Rd8 30. Bxf7+ Kf8 31. Rxd8+ Qxd8 32. Bd5 Rg6 33. f4 exf4 34. Ne2 1-0

[Event "14th Dubai Open 2012"]
[Site "Dubai UAE"]
[Date "2012.04.15"]
[Round "1.14"]
[White "Molina, Antonio"]
[Black "Miroshnichenko, Evgenij"]
[Result "0-1"]
[WhiteTitle "FM"]
[BlackTitle "GM"]
[WhiteElo "2140"]
[BlackElo "2624"]
[WhiteFideId "5201365"]
[BlackFideId "14102595"]
[EventDate "2012.04.15"]

1. d4 Nf6 2. c4 e6 3. Nc3 d5 4. cxd5 exd5 5. Bg5 Nbd7 6. e3 Be7 7. Bd3 O-O 8.
Nge2 Re8 9. O-O a6 10. Rc1 Nf8 11. b4 Ne6 12. Bxf6 Bxf6 13. a4 c6 14. Ng3 g6 15.
Qb3 Be7 16. Rc2 Bd6 17. Nce2 h5 18. Rfc1 h4 19. Nf1 Ng5 20. f4 Nh7 21. Ra2 Nf6
22. b5 Bd7 23. bxa6 bxa6 24. Qc2 Kg7 25. Rb1 a5 26. Nc3 Bb4 27. Rab2 Rc8 28. Qb3
c5 29. dxc5 d4 30. Ne2 dxe3 31. Bc4 Qe7 32. Rc2 h3 33. Nfg3 Rxc5 34. Bb5 Be6 35.
Qb2 Rxc2 36. Qxc2 Rc8 37. Qb2 Ba3 38. Qd4 Qb7 0-1

[Event "14th Dubai Open 2012"]
[Site "Dubai UAE"]
[Date "2012.04.15"]
[Round "1.17"]
[White "Kuzubov, Yuriy"]
[Black "Zepeda, Lorena"]
[Result "1-0"]
[WhiteTitle "GM"]
[BlackTitle "WIM"]
[WhiteElo "2615"]
[BlackElo "2130"]
[WhiteFideId "14112906"]
[BlackFideId "6700233"]
[EventDate "2012.04.15"]

1. d4 Nf6 2. g3 g6 3. Bg2 Bg7 4. e4 d6 5. Ne2 O-O 6. O-O e5 7. Nbc3 Nc6 8. d5
Ne7 9. f4 exf4 10. Bxf4 Ng4 11. Qd2 Kh8 12. Rae1 Ng8 13. Nd4 Ne5 14. Nf3 Nxf3+
15. Rxf3 Bg4 16. Rf2 Qd7 17. e5 dxe5 18. Bxe5 Bxe5 19. Rxe5 f6 20. Re4 Rae8 21.
Qd4 Bf5 22. Rxe8 Rxe8 23. Qxa7 Re1+ 24. Rf1 Rxf1+ 25. Bxf1 b6 26. Qa4 Qxa4 27.
Nxa4 Bxc2 28. b3 Ne7 29. d6 cxd6 30. Nxb6 Nc6 31. Bg2 Nd4 32. b4 Ne2+ 33. Kf2
Nc3 34. a3 Kg7 35. Ke3 Nb5 36. a4 Nc7 37. a5 1-0

[Event "14th Dubai Open 2012"]
[Site "Dubai UAE"]
[Date "2012.04.15"]
[Round "1.18"]
[White "Mona, Khaled"]
[Black "Baklan, Vladimir"]
[Result "0-1"]
[WhiteTitle "WGM"]
[BlackTitle "GM"]
[WhiteElo "2125"]
[BlackElo "2612"]
[WhiteFideId "10605908"]
[BlackFideId "14102196"]
[EventDate "2012.04.15"]

1. d4 g6 2. Nf3 Bg7 3. c4 c5 4. d5 a6 5. a4 d6 6. e4 e6 7. Nc3 Ne7 8. Be2 O-O 9.
O-O h6 10. Be3 e5 11. Nd2 f5 12. f3 f4 13. Bf2 a5 14. Nb3 b6 15. Re1 h5 16. Bd3
g5 17. Kf1 Ng6 18. Ke2 g4 19. Kd2 Na6 20. Ne2 Qg5 21. Rg1 g3 22. hxg3 fxg3+ 23.
Be3 Nf4 24. Nbc1 Bh6 25. Kc2 Nb4+ 26. Kb3 Ra7 27. Bd2 h4 28. Rh1 Qf6 29. Nxf4
Bxf4 30. Bxf4 Qxf4 31. Be2 h3 32. gxh3 Qe3+ 33. Nd3 Nxd3 34. Qxd3 Rxf3 35. Kc2
Qxd3+ 36. Bxd3 Rf2+ 37. Kd1 g2 38. Rg1 Bxh3 39. Be2 Raf7 40. Kd2 Bg4 41. Rae1
R7f3 42. Kc1 Re3 0-1

[Event "14th Dubai Open 2012"]
[Site "Dubai UAE"]
[Date "2012.04.15"]
[Round "1.19"]
[White "Amin, Bassem"]
[Black "Dimarucut, Francis Erwin"]
[Result "1-0"]
[WhiteTitle "GM"]
[WhiteElo "2608"]
[BlackElo "2125"]
[WhiteFideId "10601457"]
[BlackFideId "5209277"]
[EventDate "2012.04.15"]

1. e4 e6 2. d3 d5 3. Nd2 Nf6 4. Ngf3 b6 5. g3 Ba6 6. Bg2 Be7 7. O-O c5 8. Re1
Bb7 9. h4 h6 10. e5 Nfd7 11. c4 Qc7 12. cxd5 Bxd5 13. Ne4 Na6 14. Bf4 Qb7 15.
Nfd2 b5 16. a4 Nb4 17. axb5 Qxb5 18. Nc4 O-O 19. Nc3 Qb7 20. Nxd5 exd5 21. Ne3
Nb6 22. Nf5 Kh7 23. Bxh6 gxh6 24. Qh5 Qc6 25. e6 1-0

[Event "14th Dubai Open 2012"]
[Site "Dubai UAE"]
[Date "2012.04.16"]
[Round "2.7"]
[White "Petrosian, Tigran L."]
[Black "Atabayev, Yusup"]
[Result "1/2-1/2"]
[WhiteTitle "GM"]
[BlackTitle "FM"]
[WhiteElo "2643"]
[BlackElo "2404"]
[WhiteFideId "13301616"]
[BlackFideId "14001128"]
[EventDate "2012.04.15"]

1. Nf3 Nf6 2. d4 c5 3. g3 cxd4 4. Nxd4 e5 5. Nb3 d5 6. Bg2 h6 7. O-O Nc6 8. Nc3
Be6 9. f4 exf4 10. Bxf4 Qb6+ 11. Kh1 O-O-O 12. Qd3 Nb4 13. Qb5 Nd7 14. Qxb6 Nxb6
15. Nd4 Nc6 16. Nxe6 fxe6 17. Bh3 Kd7 18. Rad1 Ke7 19. Bc7 Rd7 20. Bxb6 axb6 21.
Rd3 d4 22. Na4 g5 23. Rb3 Kd6 24. Nxb6 Rc7 25. Nc4+ Kd5 26. Nd2 Nd8 27. c4+ dxc3
28. Bg2+ Kd4 29. bxc3+ Ke3 30. Ne4 Rf7 31. c4+ Kd4 32. e3+ 1/2-1/2

[Event "14th Dubai Open 2012"]
[Site "Dubai UAE"]
[Date "2012.04.16"]
[Round "2.10"]
[White "Ankit, R. Rajpara"]
[Black "Ganguly, Surya Shekhar"]
[Result "1/2-1/2"]
[BlackTitle "GM"]
[WhiteElo "2399"]
[BlackElo "2633"]
[WhiteFideId "5023335"]
[BlackFideId "5002150"]
[EventDate "2012.04.15"]

1. e4 e6 2. d4 d5 3. Nd2 Nf6 4. e5 Nfd7 5. Bd3 c5 6. c3 Nc6 7. Ne2 cxd4 8. cxd4
f6 9. exf6 Nxf6 10. Nf3 Qc7 11. O-O Bd6 12. g3 O-O 13. Bf4 Bd7 14. Rc1 Ne4 15.
Bxd6 Qxd6 16. Bxe4 dxe4 17. Ng5 Rad8 18. Qb3 Nxd4 19. Nxd4 Qxd4 20. Nxe6 Bxe6
21. Qxe6+ Kh8 22. Rc7 h6 23. Rxb7 Rf3 24. Re7 e3 25. Qe5 Qg4 26. Re8+ Rxe8 27.
Qxe8+ Kh7 28. fxe3 Rxg3+ 29. hxg3 Qxg3+ 30. Kh1 Qh3+ 1/2-1/2

[Event "14th Dubai Open 2012"]
[Site "Dubai UAE"]
[Date "2012.04.16"]
[Round "2.12"]
[White "Al Qudaimi, Basheer"]
[Black "Mchedlishvili, Mikheil"]
[Result "0-1"]
[WhiteTitle "IM"]
[BlackTitle "GM"]
[WhiteElo "2395"]
[BlackElo "2626"]
[WhiteFideId "9400346"]
[BlackFideId "13600966"]
[EventDate "2012.04.15"]

1. e4 c5 2. c3 d5 3. exd5 Qxd5 4. d4 Nf6 5. Nf3 Bg4 6. Be2 e6 7. dxc5 Bxc5 8.
Qxd5 Nxd5 9. b4 Be7 10. Bb5+ Kf8 11. Ne5 Bf5 12. Bd2 Bf6 13. f4 g5 14. g3 gxf4
15. gxf4 a6 16. Be2 Rg8 17. Bf3 Bxe5 18. fxe5 Nc6 19. Bh6+ Ke7 20. Bxd5 exd5 21.
Bf4 Rg2 22. Nd2 Bd3 23. O-O-O d4 24. Kb2 Rc8 25. Rc1 dxc3+ 26. Rxc3 Rd8 27. Ka3
Rd4 28. Be3 Rd5 29. Bc5+ Kd7 30. Nf3 Be4 31. Re1 Bxf3 32. Rxf3 Nxe5 33. Rh3 h5
34. Rf1 Ke6 35. Kb3 Rdd2 36. a4 Rb2+ 0-1

[Event "14th Dubai Open 2012"]
[Site "Dubai UAE"]
[Date "2012.04.16"]
[Round "2.14"]
[White "Ahmadinia, Ebrahim"]
[Black "Volkov, Sergey"]
[Result "1/2-1/2"]
[WhiteTitle "IM"]
[BlackTitle "GM"]
[WhiteElo "2379"]
[BlackElo "2623"]
[WhiteFideId "12501891"]
[BlackFideId "4122763"]
[EventDate "2012.04.15"]

1. e4 e6 2. d4 d5 3. e5 c5 4. c3 Qb6 5. Nf3 Bd7 6. Be2 Bb5 7. dxc5 Bxc5 8. O-O
Bxe2 9. Qxe2 Qa6 10. Qd2 Nd7 11. b4 Be7 12. a4 Nh6 13. Re1 Nf5 14. Nd4 Nxd4 15.
cxd4 Qb6 16. Ba3 Qd8 17. a5 a6 18. b5 O-O 19. Nc3 Bxa3 20. Rxa3 Qe7 21. Rb3 axb5
22. Rxb5 Ra7 23. Reb1 Rfa8 24. Rxb7 Rxa5 25. h3 R5a7 26. Qf4 h6 27. Kh2 Qg5 28.
Qf3 Qd8 29. R7b3 Ra3 30. Nb5 Rxb3 31. Rxb3 Rb8 32. Nd6 Rxb3 1/2-1/2

[Event "14th Dubai Open 2012"]
[Site "Dubai UAE"]
[Date "2012.04.16"]
[Round "2.15"]
[White "Andriasian, Zaven"]
[Black "Othman, A. Moussa"]
[Result "1-0"]
[WhiteTitle "GM"]
[BlackTitle "FM"]
[WhiteElo "2616"]
[BlackElo "2323"]
[WhiteFideId "13302000"]
[BlackFideId "9300155"]
[EventDate "2012.04.15"]

1. e4 b6 2. d4 Bb7 3. Nc3 a6 4. f4 e6 5. Nf3 Bb4 6. Bd3 Nf6 7. Qe2 d5 8. exd5
Nxd5 9. Bd2 Nxc3 10. bxc3 Be7 11. O-O O-O 12. Rae1 Bf6 13. Ng5 g6 14. Qg4 Bg7
15. Qh3 h6 16. Nxe6 fxe6 17. Qxe6+ Rf7 18. Bc4 Qf6 19. Qe8+ Bf8 20. f5 gxf5 21.
Re3 Nc6 22. Rg3+ Kh7 23. Qxf7+ Qxf7 24. Bxf7 Ne7 25. Bf4 Bg7 26. Bxc7 Rf8 27.
Bh5 Nd5 28. Bd6 Rd8 29. Rxf5 1-0

[Event "14th Dubai Open 2012"]
[Site "Dubai UAE"]
[Date "2012.04.16"]
[Round "2.16"]
[White "Koohestani, Sh."]
[Black "Kuzubov, Yuriy"]
[Result "1/2-1/2"]
[WhiteTitle "FM"]
[BlackTitle "GM"]
[WhiteElo "2364"]
[BlackElo "2615"]
[WhiteFideId "12504416"]
[BlackFideId "14112906"]
[EventDate "2012.04.15"]

1. d4 d5 2. Nf3 Nf6 3. c4 c6 4. e3 Bf5 5. Nc3 e6 6. Nh4 Bg6 7. Bd2 Nbd7 8. Rc1
Bd6 9. Nxg6 hxg6 10. g3 Qe7 11. c5 Bc7 12. Bg2 e5 13. O-O e4 14. f4 exf3 15.
Qxf3 O-O 16. Rce1 Rae8 17. e4 Nxe4 18. Nxe4 dxe4 19. Rxe4 Qxe4 20. Qxe4 Rxe4 21.
Bxe4 Nf6 22. Bf3 Rd8 23. Bc3 Nd5 24. Bxd5 Rxd5 25. b4 f5 26. a4 Kf7 27. Kf2 Rd8
28. b5 g5 29. Rb1 Ke6 30. Re1+ Kf7 31. Rb1 Rb8 32. Rd1 Rd8 33. Rb1 Rb8 34. Rd1
Rh8 35. Kg2 g4 36. d5 cxd5 37. Rxd5 Ke6 38. Rd1 Rd8 39. Rxd8 Bxd8 40. Bxg7 Be7
41. Bd4 Kd5 42. c6 bxc6 43. bxc6 Kxc6 44. Bxa7 Kb7 45. Be3 Ka6 46. Bd2 Bc5 47.
Kf1 Bd4 48. Be1 Be5 49. Ke2 f4 50. gxf4 Bxf4 51. Bg3 Bg5 52. Be5 Bd8 53. Kf2
Bb6+ 54. Kg2 Ka5 55. Kg3 Bg1 56. Kxg4 Bxh2 57. Bxh2 Kxa4 1/2-1/2

[Event "14th Dubai Open 2012"]
[Site "Dubai UAE"]
[Date "2012.04.16"]
[Round "2.17"]
[White "Baklan, Vladimir"]
[Black "Karthikeyan, Murali"]
[Result "1-0"]
[WhiteTitle "GM"]
[WhiteElo "2612"]
[BlackElo "2306"]
[WhiteFideId "14102196"]
[BlackFideId "5074452"]
[EventDate "2012.04.15"]

1. e4 c5 2. Nf3 e6 3. g3 Nc6 4. Bg2 Nf6 5. Qe2 d5 6. exd5 Nxd5 7. O-O Be7 8. Rd1
O-O 9. d4 cxd4 10. Nxd4 Nxd4 11. Rxd4 Bf6 12. Rd1 Qc7 13. c4 Nb6 14. Na3 a6 15.
Bf4 e5 16. Be3 Be6 17. c5 Nd7 18. Rac1 Nb8 19. Nc4 Nc6 20. a3 Rad8 21. b4 Nd4
22. Bxd4 exd4 23. Nd6 b5 24. Qe4 Be7 25. Nf5 Bg5 26. Rb1 Bd5 27. Qxd4 Bf6 28.
Qg4 Be6 29. Qe4 Ba2 30. Rxd8 Qxd8 31. Re1 Bc3 32. Rf1 Bc4 33. Qc2 Qf6 34. Rd1 g6
35. Nd6 Bd4 36. Qd2 Be5 37. Ne4 Qe7 38. h4 f5 39. Nd6 f4 40. Nxc4 bxc4 41. Qd5+
Rf7 42. Qxc4 f3 43. Bxf3 Kg7 44. Kg2 Qf6 45. Qe4 Bb2 46. Rd3 Re7 47. Qf4 Qxf4
48. gxf4 Rc7 49. c6 Bf6 50. a4 Be7 51. b5 axb5 52. axb5 Bc5 53. Rc3 Bd4 54. Rc4
Bb6 55. Ra4 Rc8 56. Ra6 Bc7 57. b6 Bxf4 58. c7 Kh6 59. b7 1-0

[Event "14th Dubai Open 2012"]
[Site "Dubai UAE"]
[Date "2012.04.16"]
[Round "2.18"]
[White "Ramnath Bhuvanesh, R"]
[Black "Amin, Bassem"]
[Result "0-1"]
[WhiteTitle "IM"]
[BlackTitle "GM"]
[WhiteElo "2343"]
[BlackElo "2608"]
[WhiteFideId "5026598"]
[BlackFideId "10601457"]
[EventDate "2012.04.15"]

1. e4 e5 2. Nf3 Nc6 3. Bc4 Nf6 4. d3 Bc5 5. O-O a6 6. c3 Ba7 7. Bb3 O-O 8. Nbd2
d6 9. h3 Kh8 10. Nc4 h6 11. Re1 Be6 12. Bc2 Bxc4 13. dxc4 Ne7 14. Nh4 Nfg8 15.
Qg4 g6 16. Qg3 Qd7 17. Bd2 Qe6 18. b3 Kh7 19. Re2 Nf6 20. Qf3 Ne8 21. Rf1 Qf6
22. Qg4 Ng7 23. Kh2 Ne6 24. g3 h5 25. Qf3 Qxf3 26. Nxf3 f6 27. Nh4 Kg7 28. f4
Nc5 29. Ref2 b5 30. cxb5 axb5 31. Bb1 Nd7 32. Rg2 Bb6 33. Nf3 Rh8 34. Rc1 Bc5
35. Rf1 Ra3 36. Ne1 h4 37. gxh4 Rxh4 38. Nf3 Rh5 39. f5 g5 40. Rg4 Kf7 41. Kg2
d5 42. h4 dxe4 43. Rxe4 gxh4 44. Rxh4 Rxh4 45. Nxh4 Nd5 46. Kf3 b4 47. cxb4 Bxb4
48. Bc1 Ra8 49. a4 Rh8 50. Kg3 0-1

[Event "14th Dubai Open 2012"]
[Site "Dubai UAE"]
[Date "2012.04.16"]
[Round "2.19"]
[White "Grigoryan, Avetik"]
[Black "Mohannad, Farhan"]
[Result "1/2-1/2"]
[WhiteTitle "GM"]
[BlackTitle "FM"]
[WhiteElo "2600"]
[BlackElo "2286"]
[WhiteFideId "13302191"]
[BlackFideId "8100918"]
[EventDate "2012.04.15"]

1. d4 Nf6 2. c4 g6 3. Nc3 Bg7 4. e4 d6 5. h3 O-O 6. Bg5 c5 7. d5 e6 8. Bd3 exd5
9. cxd5 Nbd7 10. Nf3 a6 11. a4 Re8 12. O-O h6 13. Bf4 Ne5 14. Nxe5 dxe5 15. Be3
Nh5 16. Ne2 f5 17. Bxc5 b6 18. Bb4 f4 19. Nc3 Qh4 20. Be2 Nf6 21. d6 Be6 22. Rc1
g5 23. Nd5 Bxd5 24. exd5 f3 25. Rc4 fxe2 26. Qxe2 Qh5 27. Qc2 g4 28. h4 Qxh4 29.
g3 Qh5 30. Rc7 Red8 31. Rd1 1/2-1/2

[Event "14th Dubai Open 2012"]
[Site "Dubai UAE"]
[Date "2012.04.16"]
[Round "2.20"]
[White "Sergeyeva, Mariya"]
[Black "Hovhannisyan, Robert"]
[Result "1-0"]
[WhiteTitle "WGM"]
[BlackTitle "GM"]
[WhiteElo "2327"]
[BlackElo "2600"]
[WhiteFideId "13701037"]
[BlackFideId "13302507"]
[EventDate "2012.04.15"]

1. e4 c5 2. Nf3 d6 3. d4 cxd4 4. Nxd4 Nf6 5. Nc3 Bd7 6. Bg5 e6 7. Qd2 a6 8. f3
Be7 9. O-O-O h6 10. Be3 b5 11. g4 b4 12. Nce2 a5 13. Kb1 Na6 14. Nc1 a4 15. Nb5
d5 16. e5 Nh7 17. Nd6+ Bxd6 18. exd6 O-O 19. h4 b3 20. cxb3 axb3 21. Nxb3 Ba4
22. g5 h5 23. Bxa6 Bxb3 24. axb3 Rxa6 25. Bc5 Qa8 26. Qd3 Rc8 27. Ba3 Nf8 28.
Rc1 Rb8 29. Rh2 Ng6 30. Rc7 Ne5 31. Qc3 d4 32. Qxd4 Ra5 33. Rhc2 Nxf3 34. Qc3
Qd5 35. d7 Kh7 36. Rc8 Qxd7 37. Rxb8 Rf5 38. Ka2 Nxh4 39. Rh2 Nf3 40. Rxh5+ Kg6
41. Rh1 Nxg5 42. Rg8 e5 43. Bf8 Qa7+ 44. Kb1 Ne6 45. Bxg7 Nxg7 46. Qg3+ Kf6 47.
Qxg7+ Ke6 48. Re8+ Kd5 49. Rd1+ 1-0

[Event "14th Dubai Open 2012"]
[Site "Dubai UAE"]
[Date "2012.04.17"]
[Round "3.3"]
[White "Gopal, G.N."]
[Black "Petrosian, Tigran L."]
[Result "1/2-1/2"]
[WhiteTitle "GM"]
[BlackTitle "GM"]
[WhiteElo "2572"]
[BlackElo "2643"]
[WhiteFideId "5015693"]
[BlackFideId "13301616"]
[EventDate "2012.04.15"]

1. e4 e5 2. Nf3 Nf6 3. Nxe5 d6 4. Nf3 Nxe4 5. d4 d5 6. Bd3 Be7 7. O-O Nc6 8. Nc3
Bf5 9. Re1 Nxc3 10. bxc3 Bxd3 11. Qxd3 O-O 12. Rb1 Na5 13. Bf4 c6 14. c4 dxc4
15. Qe4 Bf6 16. Bd2 c3 17. Bxc3 Nc4 18. h3 Rb8 19. Ne5 Bxe5 20. dxe5 Nd2 21.
Bxd2 Qxd2 22. Rbd1 Qa5 23. e6 fxe6 24. Qxe6+ Rf7 25. Re3 Qf5 26. Qxf5 Rxf5 27.
Rd7 Rf7 28. Ree7 Rxe7 29. Rxe7 a5 30. Rc7 Rd8 31. Rxb7 Rd1+ 32. Kh2 Rd2 33. Ra7
Rxf2 34. Rxa5 Rxc2 35. Ra7 c5 36. a4 c4 37. Rc7 c3 38. a5 Ra2 39. Rxc3 1/2-1/2

[Event "14th Dubai Open 2012"]
[Site "Dubai UAE"]
[Date "2012.04.17"]
[Round "3.6"]
[White "Arutinian, David"]
[Black "Miroshnichenko, Evgenij"]
[Result "1/2-1/2"]
[WhiteTitle "GM"]
[BlackTitle "GM"]
[WhiteElo "2553"]
[BlackElo "2624"]
[WhiteFideId "13601741"]
[BlackFideId "14102595"]
[EventDate "2012.04.15"]

1. d4 Nf6 2. c4 e6 3. Nf3 d5 4. Nc3 Be7 5. Bg5 h6 6. Bh4 O-O 7. e3 Ne4 8. Bxe7
Qxe7 9. Rc1 c6 10. Be2 Nd7 11. O-O Nxc3 12. Rxc3 dxc4 13. Bxc4 b6 14. Qc2 Bb7
15. Bd3 c5 16. Bh7+ Kh8 17. Be4 Bxe4 18. Qxe4 cxd4 19. Nxd4 Nc5 20. Qc2 a5 21.
Nb3 Nxb3 22. Qxb3 Qb7 23. h3 Rac8 24. Rfc1 Rxc3 25. Rxc3 Rd8 26. Rd3 Rxd3 27.
Qxd3 Qc7 28. Qd2 h5 29. a3 Qc5 30. h4 g6 1/2-1/2

[Event "14th Dubai Open 2012"]
[Site "Dubai UAE"]
[Date "2012.04.17"]
[Round "3.8"]
[White "Ezat, Mohamed"]
[Black "Baklan, Vladimir"]
[Result "1/2-1/2"]
[WhiteTitle "IM"]
[BlackTitle "GM"]
[WhiteElo "2441"]
[BlackElo "2612"]
[WhiteFideId "10600906"]
[BlackFideId "14102196"]
[EventDate "2012.04.15"]

1. d4 Nf6 2. Nf3 g6 3. Nbd2 Bg7 4. e4 O-O 5. e5 Nd5 6. c4 Nb6 7. c5 Nd5 8. Bc4
c6 9. Ne4 b6 10. O-O Ba6 11. b3 bxc5 12. dxc5 Bxc4 13. bxc4 Nc7 14. Be3 Ne6 15.
Qd2 Qc7 16. Bh6 Na6 17. Rad1 Rad8 18. Bxg7 Kxg7 19. Qe3 Qa5 20. Nd4 Naxc5 21.
Nxc5 Nxc5 22. f4 f5 23. g4 e6 24. gxf5 gxf5 25. Nb3 Nxb3 26. axb3 Rg8 27. Ra1
Qb6 28. Rf3 Qxe3+ 29. Rxe3 Kf7+ 30. Kf2 Rg4 31. Rf3 Ra8 32. h3 Rgg8 33. Rd3 Ke8
34. b4 Rg7 35. b5 cxb5 36. cxb5 Rb8 37. Rxa7 Rxb5 38. Ra8+ Ke7 39. Ra7 Kd8 40.
Ra8+ Kc7 41. Rc3+ Kb7 42. Rcc8 Rb2+ 43. Kf3 Rb3+ 44. Kf2 Rgg3 45. Rcb8+ Kc7 46.
Rc8+ Kb6 47. Rcb8+ Kc5 48. Rc8+ Kb4 49. Rcb8+ 1/2-1/2